Numerical analysis for engineers : (Record no. 23182)
[ view plain ]
| 000 -LEADER | |
|---|---|
| fixed length control field | 01017cam a22002895a 4500 |
| 001 - CONTROL NUMBER | |
| control field | 19022742 |
| 005 - DATE AND TIME OF LATEST TRANSACTION | |
| control field | 20201128024009.0 |
| 008 - FIXED-LENGTH DATA ELEMENTS--GENERAL INFORMATION | |
| fixed length control field | 160319t2016 flua fr 001 0 eng d |
| 020 ## - INTERNATIONAL STANDARD BOOK NUMBER | |
| International Standard Book Number | 9781482250350 |
| 040 ## - CATALOGING SOURCE | |
| Original cataloging agency | BTCTA |
| Language of cataloging | eng |
| Transcribing agency | BTCTA |
| Modifying agency | BDX |
| -- | YDXCP |
| -- | CDX |
| -- | IBI |
| -- | CUV |
| -- | UV0 |
| -- | OCLCQ |
| -- | OCLCF |
| -- | DLC |
| -- | EG-ScBUE |
| 082 04 - DEWEY DECIMAL CLASSIFICATION NUMBER | |
| Edition number | 22 |
| Classification number | 620.001518 |
| Item number | AYY |
| 100 1# - MAIN ENTRY--PERSONAL NAME | |
| Personal name | Ayyub, Bilal M. |
| 9 (RLIN) | 27441 |
| 245 10 - TITLE STATEMENT | |
| Title | Numerical analysis for engineers : |
| Remainder of title | methods and applications / |
| Statement of responsibility, etc | Bilal Ayyub, Richard H. McCuen. |
| 250 ## - EDITION STATEMENT | |
| Edition statement | 2nd ed. |
| 260 ## - PUBLICATION, DISTRIBUTION, ETC. (IMPRINT) | |
| Place of publication, distribution, etc | Boca Raton : |
| Name of publisher, distributor, etc | CRC Press / Taylor & Francis Group, |
| Date of publication, distribution, etc | c.2016. |
| 300 ## - PHYSICAL DESCRIPTION | |
| Extent | xix, 431 p. : |
| Other physical details | ill. ; |
| Dimensions | 26 cm. |
| 490 0# - Series Statement | |
| Series statement | Textbooks in mathematics |
| 500 ## - GENERAL NOTE | |
| General note | Index : p. 423-431. |
| 650 #7 - SUBJECT ADDED ENTRY--TOPICAL TERM | |
| Topical term or geographic name as entry element | Engineering mathematics. |
| Source of heading or term | BUEsh |
| 9 (RLIN) | 3194 |
| 650 #7 - SUBJECT ADDED ENTRY--TOPICAL TERM | |
| Topical term or geographic name as entry element | Numerical analysis. |
| Source of heading or term | BUEsh |
| 9 (RLIN) | 465 |
| 651 ## - SUBJECT ADDED ENTRY--GEOGRAPHIC NAME | |
| Source of heading or term | BUEsh |
| 653 ## - INDEX TERM--UNCONTROLLED | |
| Resource For college | Engineering, General |
| Arrived date list | November2016 |
| 653 ## - INDEX TERM--UNCONTROLLED | |
| Resource For college | Engineering, Civil |
| Arrived date list | February2017 |
| 655 ## - INDEX TERM--GENRE/FORM | |
| Form subdivision | Reading book |
| -- | 34232 |
| 700 1# - ADDED ENTRY--PERSONAL NAME | |
| Personal name | McCuen, Richard H., |
| Dates associated with a name | 1941- |
| 9 (RLIN) | 27444 |
| 942 ## - ADDED ENTRY ELEMENTS (KOHA) | |
| Source of classification or shelving scheme | Dewey Decimal Classification |
| Edition | 22 |
| Call number prefix | 620.001518 AYY |
| Withdrawn status | Item status | Source of classification or shelving scheme | Damaged status | Not for loan | Vendor | Home library | Current library | Shelving location | Date acquired | Source of acquisition | Cost, normal purchase price | Serial Enumeration / chronology | Total Checkouts | Full call number | Barcode | Date last seen | Cost, replacement price | Koha item type | Total Renewals | Date last borrowed |
|---|---|---|---|---|---|---|---|---|---|---|---|---|---|---|---|---|---|---|---|---|
| Dewey Decimal Classification | Baccah | Central Library | Central Library | First floor | 17/11/2016 | Purchase | 750.00 | 25845 | 620.001518 AYY | 000034495 | 15/07/2025 | 937.50 | Book - Borrowing | |||||||
| Dewey Decimal Classification | Baccah | Central Library | Central Library | First floor | 09/02/2017 | Purchase | 750.00 | 2 | 620.001518 AYY | 000041144 | 15/07/2025 | 937.50 | Book - Borrowing | 3 | 11/04/2018 |